| 000 | 00797nam a2200205Ii 4500 | ||
|---|---|---|---|
| 003 | JO-AjNU | ||
| 008 | 230605s9999||||xx |||||||||||||| ||und|| | ||
| 040 |
_aJO-AjNU _bara _erda _cJO-AjNU |
||
| 041 | _aara | ||
| 050 | 1 | 4 | _aDS63.2.I68.H345 2019 |
| 100 | 3 |
_aالحفيظ، عماد محمد, _eauthor _960746 |
|
| 245 | 0 | 0 | _aالحقد الفارسي والصفوي تجاه العرب والمسلمين |
| 250 | _aط1 | ||
| 264 | 3 | 1 | _aعمان: دار صفاء للنشر والتوزيع، 2019 |
| 300 | _a376ص | ||
| 336 |
_atext _btxt _2rdacontent |
||
| 337 |
_aunmediated _bn _2rdamedia |
||
| 338 |
_avolume _bnc _2rdacarrier |
||
| 650 | 4 |
_aالعرب والفرس-تاريخ-المسلمون والفرس-تاريخ-البلاد العربية-علاقات خارجية-ايران _960747 |
|
| 999 |
_aA27413 _c30981 _d30981 |
||